Jadeed Urdu Lughat (Record no. 9513)

000 -LEADER
fixed length control field 00377 a2200145 4500
020 ## - INTERNATIONAL STANDARD BOOK NUMBER
International Standard Book Number 969474051
082 ## - DEWEY DECIMAL CLASSIFICATION NUMBER
Classification number 891.439
090 ## - LOCALLY ASSIGNED LC-TYPE CALL NUMBER (OCLC); LOCAL CALL NUMBER (RLIN)
-- 5667
-- 5667
100 ## - MAIN ENTRY--PERSONAL NAME
Personal name Ashraf Nadeem.
245 ## - TITLE STATEMENT
Title Jadeed Urdu Lughat
Statement of responsibility, etc. Ashraf Nadeem.
260 ## - PUBLICATION, DISTRIBUTION, ETC.
Place of publication, distribution, etc. Islamabad: .
Name of publisher, distributor, etc. Muqtadara Qomi Zuban,
Date of publication, distribution, etc. 2000
300 ## - PHYSICAL DESCRIPTION
Extent 740 p. ;
Dimensions 26 cm.
650 ## - SUBJECT ADDED ENTRY--TOPICAL TERM
Topical term or geographic name entry element Urdu language--Dictionary
942 ## - ADDED ENTRY ELEMENTS (KOHA)
Koha item type Book
Call number prefix 891.439 ASH
Holdings
Withdrawn status Lost status Damaged status Not for loan Collection code Permanent Location Current Location Shelving location Date acquired Source of acquisition Cost, normal purchase price Full call number Barcode Date last seen Price effective from Koha item type
          Central Library (CL) Central Library (CL) General Stacks 08/23/2002 National Language Authority 250.00 891.439 ASH SEECS002307 11/14/2012 01/05/2017 Reference
© 2023 Central Library, National University of Sciences and Technology. All Rights Reserved.